000 01652nam a2200277 a 4500
001 000125468
003 AM-YEHGA
005 20250617122632.0
008 990511s1970 ru ||||gr|||||||||0|rus|d
040 _aAM-YeHGA
041 0 _arus
245 0 0 _aМодели нейронных структур :
_bТруды международного симпозиума по техническим и биологическим проблемам управления (Ереван, 24-28 сентября 1968 г.) /
_cОтв. ред. Б.С. Сотсков.
260 _aМосква :
_bНаука,
_c1970.
300 _a480 с.
550 _aАН СССР. Международная федерация по автоматическому управлению
650 1 4 _aНейроны
650 1 4 _aАдаптивные системы
650 1 4 _aБиоэлектрическое управление
_xМоделирования процессов движения
650 1 4 _aНейрофизиологические исследования
_xМоделирования нервных сетей
650 1 4 _aДеятельность мозга
_xМодели его функции
700 1 0 _aСотсков, Б.С.
_eред.
_4edt
710 2 _aАкадемия наук СССР.
_bМеждународная федерация по автоматическому управлению
711 2 _aМеждународный симпозиум по техническим и биологическим проблемам управления Ереван 24-28 сентября 1968 г.
942 _2udc
_cBK
090 _c42234
999 _c41562
_d41562